000
00206 a2200097 4500
001
18147
100
_a
Siddiqui S A
245
_a
Nazari-0-Amali Maashial
260
_a
_b
Orient Pub
_c
090
_c
13441
_d
13441
942
_a
NUST-CAE
_c
_c
3827
999
_c
253220
_d
253220